| 000 | 00860cam a2200289 4500 | ||
|---|---|---|---|
| 999 |
_c522703 _d522703 |
||
| 001 | 2190208 | ||
| 003 | NUST | ||
| 005 | 20190103042635.0 | ||
| 008 | 730222s1972 enk 000 1 eng | ||
| 010 | _a 72171351 | ||
| 015 | _aB72-28099 | ||
| 020 | _a0571101615 | ||
| 038 | _awaseem | ||
| 040 |
_aDLC _cDLC _dDLC |
||
| 050 | 0 | 0 |
_aPZ4.J2847 _bUp _aPR6060.A467 |
| 082 | 0 | 0 |
_a823.9/14 _bJAM |
| 100 | 1 |
_aJames, P. D. _912896 |
|
| 245 | 1 | 3 |
_aAn unsuitable job for a woman _c[by] P. D. James. |
| 260 |
_aLondon, _bFaber, _c2000. |
||
| 300 |
_a216 p. _c21 cm. |
||
| 350 | _a£1.90 | ||
| 650 | 0 |
_aWomen private investigators _zEngland _xFiction. _912897 |
|
| 650 | 0 |
_aGray, Cordelia (Fictitious character) _vFiction. _912898 |
|
| 655 | 7 |
_aDetective and mystery stories. _2gsafd _92977 |
|
| 906 |
_a7 _bcbc _corignew _d3 _encip _f19 _gy-gencatlg |
||
| 942 |
_2ddc _cBK |
||